| 000 | 01003 a2200229 4500 | ||
|---|---|---|---|
| 003 | Nust | ||
| 005 | 20221220125452.0 | ||
| 010 | _a 2003046357 | ||
| 020 | _a8129702738 | ||
| 040 | _cNust | ||
| 082 | 0 | 0 | _a174.962, FLE |
| 100 | 1 |
_aFleddermann, Charles B. _9105363 |
|
| 245 | 1 | 0 |
_aEngineering ethics / _cCharles B. Fleddermann. |
| 250 | _a2nd ed. | ||
| 260 |
_aUpper Saddle River, N.J. : _bPearson Education, _c2004. |
||
| 300 |
_axvii, 141 p. : _bill. ; _c26 cm. |
||
| 490 | 1 | _aThe Prentice Hall engineering source | |
| 505 | _aIntroduction (Page-1), Professionalism and Codes Ethics (Page-14), Understanding Ethical Problems (Page-31), Ethical Problems-Solving Techniques (Page-45), Risk, Safety and Accidents (Page-62), The Rights and Responsibilities of Engineering (Page-82), Ethics in Research and Experimentation (Page-106), Doing the Right Thing(Page-114). | ||
| 650 | 0 |
_aEngineering ethics. _937134 |
|
| 830 | 0 |
_aESource--the Prentice Hall engineering source _9100620 |
|
| 942 |
_2ddc _cBK |
||
| 999 |
_c188515 _d188515 |
||